[Event "IRL-ch 100th First Week"]
[Site "Dublin"]
[Date "2021.07.25"]
[Round "5"]
[White "Gormally Whittaker, Dylan"]
[Black "Luna, Boris"]
[Result "0-1"]
[WhiteElo "700"]
[BlackElo "700"]
[PlyCount "40"]
[EventDate "2021.07.23"]
[EventType "swiss"]
[EventRounds "5"]
[EventCountry "IRL"]
[SourceTitle "EXT 2022"]
[Source "ChessBase"]
[SourceDate "2021.10.06"]
[SourceVersion "1"]
[SourceVersionDate "2021.10.06"]
[SourceQuality "1"]

1. d4 c6 2. Bf4 d5 3. Nf3 Bf5 4. e3 e6 5. Bd3 Bg6 6. Bxg6 hxg6 7. Nc3 Bb4 8. Qd2 Nf6 9. 0-0-0 Ne4 10. Qd3 Nxf2 11. Qe2 Nxh1 12. Rxh1 Bxc3 13. bxc3 Qa5 14. Kd2 Qxa2 15. Qf2 Nd7 16. Qg3 Nf6 17. Ng5 Rh5 18. Qf3 Rxg5 19. Bxg5 Ne4+ 20. Kd3 Qc4# 0-1

[Event "IRL-ch 100th First Week"]
[Site "Dublin"]
[Date "2021.07.25"]
[Round "4"]
[White "Gormally Whittaker, Dylan"]
[Black "Pu, Pei Lin Oisin"]
[Result "1-0"]
[WhiteElo "700"]
[BlackElo "700"]
[PlyCount "67"]
[EventDate "2021.07.23"]
[EventType "swiss"]
[EventRounds "5"]
[EventCountry "IRL"]
[SourceTitle "EXT 2022"]
[Source "ChessBase"]
[SourceDate "2021.10.06"]
[SourceVersion "1"]
[SourceVersionDate "2021.10.06"]
[SourceQuality "1"]

1. d4 Nf6 2. Nc3 g6 3. Nf3 d5 4. Bf4 a6 5. e3 Bg7 6. Bd3 0-0 7. 0-0 Re8 8. Re1 b6 9. e4 dxe4 10. Nxe4 Bb7 11. Nxf6+ Bxf6 12. Bc4 Bxf3 13. Qxf3 e6 14. Qxa8 c6 15. Bxb8 Qxb8 16. Qxb8 Rxb8 17. Rad1 b5 18. Bb3 a5 19. a3 a4 20. Ba2 Rd8 21. c3 Bg7 22. Re4 h5 23. c4 Rc8 24. cxb5 cxb5 25. Rxe6 Rc2 26. Re8+ Kh7 27. d5 Rxb2 28. d6 Rxa2 29. d7 Bf6 30. g3 Rxa3 31. Rd6 b4 32. Rxf6 b3 33. d8Q b2 34. Rxf7+ 1-0